=LDR 00000nam 2200000 4500 =001 NUTBA000000000001230 =005 20200227064458 =035 ##$$a 0010-041400000000500 =008 200227################g##########0#ind## =020 ##$$a 978-979-769-416-6 =082 ##$$a 152.41 =100 ##$$a Taufik =245 1#$$a empat pendekatan psikologi sosial /$c Dr. Taufik, M.Si =260 ##$$a Jakarta :$b Rajawali Pers,$c 2012 =440 ##$$aempati pendekatan psikologi sosial =084 ##$$a 152.41 TAU e =300 ##$$a xviii, 256 hlm. : $b ilus. ; $c 13 x 21 cm =250 ##$$a Ed.I =650 #4$$a Empati Aspek Psikologi =520 ##$$a Indeks : hlm. 251-256 =990 ##$$a 21302737 =990 ##$$a 21195914/BPAP-NTB/2014 =990 ##$$a 21196209/BPAP-NTB/2014 =990 ##$$a 21302735 =990 ##$$a 21302738